| 000 | 00541nam a22001697a 4500 | ||
|---|---|---|---|
| 005 | 20251108175558.0 | ||
| 008 | 250721s1983 xx 000 0 ara d | ||
| 082 | 1 | 4 | _a215.321/حار |
| 100 | 1 | _aالحارثي، سالم بن حمد بن سلمان | |
| 245 | 1 | 0 | _aالعقود الفضية في أصول الاباضية / |
| 264 | 1 |
_aعُمان : _bوزارة التراث القومي، _c1983. |
|
| 300 | _a342ص. | ||
| 650 | 1 | 7 | _aالفرق الاسلامية |
| 650 | 1 | 7 | _aالاباضية |
| 942 |
_2ddc _cBK |
||
| 999 |
_c137435 _d137435 |
||